1960 1704 1872 1891 1021 1690 1912 1862 1142 1094 1394 1378 1846 1888 1321 1545 1341 1168 1033 1557 1340 1605 1966 1549 1271 1508 1455 1741 1741 1254 1197 1343 1048 1753 1570 1137 1556 1162 1209 1629 1354 1144 1023 1109 1514 1826 1163 1251 1681 1293 1313 1161 1174 1391 1034 1864 1157 1198 1894 1945 1672 1119 1941 1045 1374 1872 1771 1557 1356 1327 1968 1781 1198 1305 1286 1500 1021 1793 1989 1582 1177 1050 1486 1892 1554 1234 1410 1646 1994 1701 1202 1237 1819 1184 1868 1170 1220 1993 1828 BCNSPRNW ULIB Ver.6.0+V

เปลี่ยนเป็นภาษาไทย

Change to English
 แสดงรายละเอียดบรรณานุกรม
  กลับหน้าหลัก

Brief Record : Get Marc (ISO 2709) : E-mail record : QR code < ปิดหน้าต่าง
LEADER : 00000nam 2200000uu 4500
001    13399123815
003     ULIB
008    141201s2555||||th 000 0 tha d
020    ^a9741102518
020    ^a9789741102518
060 04 ^aWK810^bท596ค
100 0  ^aเทพ หิมะทองคำ
245 10 ^aความรู้เรื่องเบาหวานฉบับสมบูรณ์ /^cเทพ หิมะทองคำ และคณะ
250    ^aพิมพ์ซ้ำครั้งที่ 12 (ฉบับพิมพ์ที่ 3 แก้ไขเพิ่มเติมจากฉบับพิมพ์ที่ 2)
260    ^aกรุงเทพฯ :^bวิทยพัฒน์,^c2555
300    ^a250 หน้า :^bภาพประกอบ (สีบางภาพ) ;^c21 ซม
650  4 ^aเบาหวาน
700 0  ^aรัชตะ รัชตะนาวิน,^eบรรณาธิการ
700 0  ^aธิดา นิงสานนท์,^eบรรณาธิการ
945    ^p210^l0^i22219
945    ^p210^l0^i22220
999    ^aทศพร เกษรทอง
รายการนี้ยังไม่มีแท็ก
คุณยังไม่ได้ล็อกอิน คุณสามารถมีกิจกรรมร่วมกับเว็บไซต์ได้ แต่ต้องล็อกอินก่อน ::
  ล็อกอิน

รายการสื่อสารสนเทศ

ลำดับที่ ประเภท เลขเรียก/บาร์โค้ด สถานที่ สถานะ
1. วิทยาศาสตร์การแพทย์ และสุขภาพ
วิทยาศาสตร์การแพทย์ และสุขภาพ
สถานะ=หนังสือเก่า
WK810 ท596ค ฉ.1 
  Barcode: 22219
ห้องสมุดวิทยาเขตนครสวรรค์
►ส่วนจัดเก็บหนังสือเก่า นว.
บนชั้น
  ขอยืม
2. วิทยาศาสตร์การแพทย์ และสุขภาพ
วิทยาศาสตร์การแพทย์ และสุขภาพ
สถานะ=หนังสือเก่า
WK810 ท596ค ฉ.2 
  Barcode: 22220
ห้องสมุดวิทยาเขตนครสวรรค์
►ส่วนจัดเก็บหนังสือเก่า นว.
บนชั้น
  ขอยืม

รายการใกล้เคียง
    ผู้แต่ง [เทพ หิมะทองคำ]

    หัวเรื่อง [เบาหวาน]

BibComment


ยังไม่เคยถูกคอมเมนท์

คอมเมนท์ทรัพยากรรายการนี้
  คอมเมนท์: ความรู้เรื่องเบา..


 Copyright 2026. Bcnsprnw @Library